Holiday Quiz

Random Holiday Quiz

Hectic Holidays Quiz Stats

 Plays Quiz not verified by Sporcle

Also try: Christmas Bunker
Challenge
Share
Tweet
Embed
Score 0/42 Timer 04:00
0 Plays Today
Hint Holiday % Correct
Trick or Treat!Halloween
64.3%
The Ones Who Fought in the WarVeteran's Day
64.3%
Noise MakersNew Year
57.1%
FeastThanksgiving
57.1%
Vote!Election Day
50%
Look Under the tree!Christmas Day
50%
Will he see his shadow?Groundhog Day
42.9%
'I'm so glad, when Daddy Comes home...'Father's Day
42.9%
He sailed the Ocean in search of IndiaColumbus Day
42.9%
LoveValentine's Day
35.7%
IrelandSt. Patrick's Day
35.7%
EggsEaster
35.7%
Mommy, I love you!Mother's Day
35.7%
TrickstersApril Fool's Day
28.6%
Stay awake until midnight!New Year's Eve
28.6%
We've been Married for__ yrs Now!Anniversary
28.6%
Dragons and FireworksChinese New Year
21.4%
May 1stMay Day
21.4%
CemeteryMemorial Day
21.4%
August 2ndLabor Day
21.4%
Rock little Baby, don't say a word..Birth
21.4%
Hint Holiday % Correct
HispanicCinco de Mayo
14.3%
Maple TreeCanada Day
14.3%
Go To Sleep, or He Won't Come.Christmas Eve
14.3%
Cake and Ice CreamBirthday
14.3%
Doves are flying!Wedding
14.3%
3 R'sEarth Day
7.1%
Over the River, and Through the WoodsGrandparent's Day
7.1%
SnowflakesFirst day of Winter
7.1%
Leaves, Leaves, Leaves!First day of Fall
7.1%
Flowers are SproutingFirst day of Spring
7.1%
No More School!First day of Summer
7.1%
Freedom of SlavesMartin Luther King Jr. Day
0%
Penny, BirthdayAbraham Lincoln's Birthday
0%
The Goverment of our countryPresident's Day
0%
Work the whole day long!Bring your Daughters and Sons to Work Day
0%
WarArmed Forces Day
0%
America, AmericaIndependence Day (Fourth of July)
0%
BFFFriendship Day
0%
Good Job, Congrats!Graduation
0%
Meet the Whole FamilyFamily Reunion
0%
Yummy Dinner, with Cousins too!Family Dinner
0%

You're not logged in!

Compare scores with friends on all Sporcle quizzes.
OR
Log In

You Might Also Like...

Show Comments

Extras

Created Nov 8, 2013ReportNominate

Top Quizzes Today


Score Distribution

Your Account Isn't Verified!

In order to create a playlist on Sporcle, you need to verify the email address you used during registration. Go to your Sporcle Settings to finish the process.

Report this User

Report this user for behavior that violates our Community Guidelines.

Details: